|
|
|
|
| LEADER |
01372cam a2200349Ia 4500 |
| 001 |
9780203425848 |
| 003 |
FlBoTFG |
| 005 |
20091230162920.0 |
| 006 |
a|||||s||||||||||| |
| 007 |
cr|||| |
| 008 |
990812s2001 enk sb 001 0 eng d |
| 020 |
|
|
|a 9780203425848 (e-book : PDF)
|
| 040 |
|
|
|a FlBoTFG
|c FlBoTFG
|d GrThAP
|
| 043 |
|
|
|a e-gr---
|
| 090 |
|
|
|a DF241
|b .G92 2001
|
| 092 |
|
|
|a 938
|b G881
|
| 100 |
1 |
|
|a Grote, George,
|d 1794-1871.
|
| 240 |
1 |
0 |
|a History of Greece.
|k Selections
|
| 245 |
1 |
2 |
|a A history of Greece
|h [electronic resource] :
|b from the time of Solon to 403 B.C. /
|c George Grote ; condensed and edited by J.M. Mitchell and M.O.B. Caspari ; with a new introduction by Paul Cartledge.
|
| 260 |
|
|
|a London ;
|a New York :
|b Routledge,
|c 2001.
|
| 300 |
|
|
|a xxxviii, 978 p.
|
| 500 |
|
|
|a A one volume abridgement of Grote's 10 volume history.
|
| 504 |
|
|
|a Includes bibliographical references and index.
|
| 530 |
|
|
|a Also available in print edition.
|b CRC Press (http://www.crcpress.com)
|
| 538 |
|
|
|a Mode of access: World Wide Web.
|
| 651 |
|
0 |
|a Greece
|x History
|y To 146 B.C.
|
| 655 |
|
7 |
|a Electronic books.
|2 lcsh
|
| 700 |
1 |
|
|a Mitchell, J. M.
|q (John Malcolm),
|d 1879-
|
| 700 |
1 |
|
|a Cary, M.
|q (Max),
|d 1881-1958.
|
| 700 |
1 |
|
|a Cartledge, Paul.
|
| 776 |
1 |
|
|z 9780415223690
|
| 856 |
4 |
0 |
|u http://www.tandfebooks.com/isbn/9780203425848
|z Full Text via HEAL-Link
|